Előtanulmány a megkésett Székelyföldi polgárosodásról

Elmentve itt :
Bibliográfiai részletek
Szerző: ZEPECZÁNER Jenő
Adatforrás:Meister
Forrásdokumentuma:Korunk. -
6 sz., 1994, 108-114 p.
Nyelv:magyar
Kulcsszavak:kisebbségtörténet
intézménytörténet
szociológia
gazdaságtörténet
gazdasági intézmények
bankok
céhek
Erdély, 1848
székelyek
székely iparosodás
székely mezőgazdaság
jobbágyság
lustrák
székely társadalom
polgárosodás
polgárság
Székelyföld
KOZMA Ferenc
Székelyudvarhelyi Zálogkölcsönző Intézet és Betéti Pénztár
Erdélyi Kereskedelmi és Hitelbank (Marosvásárhely)
LEADER 01054nab a2200349 i 4500
001 bibPRO00000098
008 060524s1994 xx hun
040 |a Sz1 
041 |a hun 
100 1 |a ZEPECZÁNER Jenő 
245 1 0 |a Előtanulmány a megkésett Székelyföldi polgárosodásról  |c ZEPECZÁNER Jenő 
695 |a kisebbségtörténet 
695 |a intézménytörténet 
695 |a szociológia 
695 |a gazdaságtörténet 
695 |a gazdasági intézmények 
695 |a bankok 
695 |a céhek 
695 |a Erdély, 1848 
695 |a székelyek 
695 |a székely iparosodás 
695 |a székely mezőgazdaság 
695 |a jobbágyság 
695 |a lustrák 
695 |a székely társadalom 
695 |a polgárosodás 
695 |a polgárság 
695 |a Székelyföld 
695 |a KOZMA Ferenc 
695 |a Székelyudvarhelyi Zálogkölcsönző Intézet és Betéti Pénztár 
695 |a Erdélyi Kereskedelmi és Hitelbank (Marosvásárhely) 
773 0 |t Korunk. -  |g 6 sz., 1994, 108-114 p.